Statistiques concernant Religion catholique : l'Immaculée Conception

Cliquez ici pour prendre le quiz!

Statistiques générales

  • Ce quiz a été pris 52 fois
  • Le résultat moyen est 9 sur 18

Statistiques - réponses

QuestionsRéponses% Correct
Très sainte femme dont la conception est immaculée.La Vierge Marie
100%
L'Immaculée conception suppose que la très sainte femme (réponse #2) est exempte du ____ originel.Péché
88%
Ville des Pyrénées où la très sainte femme est apparue en 1858 en disant : "Je suis l'Immaculée Conception".Lourdes
84%
Date à laquelle est célébrée la fête de l'Immaculée Conception.Le 8 décembre
69%
Pays pyrénéen dans lequel la fête de l'Immaculée Conception est reconnue comme jour férié.Andorre
63%
Île française placée sous la protection de l'Immaculée Conception.La Corse
59%
Autre sainte à qui s'adressa alors cette apparition dans la ville précédente.Sainte Bernadette Soubirous
57%
Ordre monastique créé sous l'impulsion de saint François d'Assise et parmi lesquels on trouvera au Moyen-âge les principaux tenants de l'Immaculée Conception (les "immaculistes" opposés aux "maculistes"), comme Pierre d'Auriol ou Jean Duns Scots.L'ordre des Frères mineurs (les Franciscains)
53%
Musée madrilène où est conservé la toile "L'Immaculée Conception" (1767) de Jean-Baptiste Tiépolo.Le Prado
49%
Pape qui officialisa le dogme de l'Immaculée Conception en 1854.Pie IX
49%
Cantons suisses qui reconnaissent la fête de l'Immaculée Conception comme jour férié.Valais
35%
Cantons suisses qui reconnaissent la fête de l'Immaculée Conception comme jour férié.Fribourg
33%
Cantons suisses qui reconnaissent la fête de l'Immaculée Conception comme jour férié.Lucerne
31%
Cantons suisses qui reconnaissent la fête de l'Immaculée Conception comme jour férié.Uri
29%
Cantons suisses qui reconnaissent la fête de l'Immaculée Conception comme jour férié.Nidwald
27%
Cantons suisses qui reconnaissent la fête de l'Immaculée Conception comme jour férié.Obwald
27%
La fête de l'Immaculée Conception est dans l'Église catholique, une fête de _____, c'est-à-dire une fête où les fidèles sont censés assister à la messe et se reposer du travail et des loisirs, selon le troisième commandement.Précepte
27%
Cantons suisses qui reconnaissent la fête de l'Immaculée Conception comme jour férié.Zoug
27%

Distribution des résultats

Percentile par nombre de réponses

% des personnes avec chaque résultat

Votre développement - résultats

Vous n’avez pas pris ce quiz